Normal view
MARC view
- Ahtisham Ali (329610)
Entry Personal Name
001 - CONTROL NUMBER
- control field: 128232
003 - CONTROL NUMBER IDENTIFIER
- control field: NUST
005 - DATE AND TIME OF LATEST TRANSACTION
- control field: 20250312124146.0
008 - FIXED-LENGTH DATA ELEMENTS
- fixed length control field: 250312|| aca||aabn | a|a d
040 ## - CATALOGING SOURCE
- Original cataloging agency: NUST
- Transcribing agency: NUST
100 ## - HEADING--PERSONAL NAME
- Personal name: Ahtisham Ali (329610)
670 ## - SOURCE DATA FOUND
- Source citation: Work cat.: (NUST): Ahtisham Ali (329610), Coordinated Generation and Transmission Expansion Planning with Energy Storage Systems to Allow High Penetration of Renewable Energy /
